| 000 | 00493nam a22001697a 4500 | ||
|---|---|---|---|
| 999 |
_c18092 _d18092 |
||
| 003 | AR-CdUCM | ||
| 008 | 190511b ||||| |||| 00| 0 spa d | ||
| 040 |
_aMUNICIPALIDAD PROVINCIAL DEL CUSCO _cBIBLIOTECA MUNICIPAL DEL CUSCO |
||
| 082 |
_a551.2 / _bC79 |
||
| 100 |
_aCosta Villavicencio, Lázaro. _924582 |
||
| 245 | _aAguas medicinales / | ||
| 260 | _aLima : | ||
| 300 |
_a135 páginas ; _c20 cm. |
||
| 650 |
_aMedicina general. _921670 |
||
| 942 |
_2ddc _cLIBROS |
||
| 945 |
_arum _d2019-05-11 |
||